000 00709nas a2200205 i 4500
001 173101
003 ES-MaACL
005 20250831123110.0
008 091102d1905 sp | | ||pa d
022 _a2171-5440
080 _a331.109.321(460)(083.41)
245 0 0 _aEstadística de las huelgas
_b: memoria ... /
_cInstituto de Reformas Sociales.
260 _aMadrid :
_bDirección General del Trabajo y Acción Social,
_c[1905?]-
300 _a3 v. ;
_c24 cm.
710 2 _aEspaña.
_bDirección General de Trabajo y Acción Social.
_9141500
710 2 _aInstituto de Reformas Sociales (España)
_95000
852 _aES-MaACL
_jC-7243-45
866 0 _o1924-28, 1930-31.
999 _c173101
_d173101